| 000 | 00385pab a2200157 454500 | ||
|---|---|---|---|
| 008 | 180718b1995 xxu||||| |||| 00| 0 eng d | ||
| 100 | _aRao, S.R.K. | ||
| 245 |
_aIndian economy _bfiscal management in a mess. |
||
| 260 | _c1995 | ||
| 300 | _ap.8 | ||
| 362 | _a11 Nov | ||
| 650 | _aFinance, Public - India | ||
| 650 | _aEconomic development | ||
| 773 | _aStatesman | ||
| 909 | _a30491 | ||
| 999 |
_c30491 _d30491 |
||